Home Print Resources E-Books E-Journals IIMT Lecture Series Library Membership Form Book Recommendation Form Campus Tour Take AdmissionAbout Us Contact Us

AMRIT VAANI BHAG-7 (Record no. 64798)

000 -LEADER
fixed length control field 00358nam a22001457a 4500
003 - CONTROL NUMBER IDENTIFIER
control field OSt
005 - DATE AND TIME OF LATEST TRANSACTION
control field 20241211100410.0
008 - FIXED-LENGTH DATA ELEMENTS--GENERAL INFORMATION
fixed length control field 241211b |||||||| |||| 00| 0 eng d
040 ## - CATALOGING SOURCE
Transcribing agency IIMT UNIVERSITY
100 ## - MAIN ENTRY--PERSONAL NAME
Personal name ADGADANAND, SWAMI
245 ## - TITLE STATEMENT
Title AMRIT VAANI BHAG-7
260 ## - PUBLICATION, DISTRIBUTION, ETC.
Place of publication, distribution, etc. BUMBAI
Name of publisher, distributor, etc. SWAMI ADGADANAND AASRAM TRUST
Date of publication, distribution, etc. 2015
300 ## - PHYSICAL DESCRIPTION
Extent 120
942 ## - ADDED ENTRY ELEMENTS (KOHA)
Source of classification or shelving scheme
Koha item type Specimen
Holdings
Withdrawn status Lost status Source of classification or shelving scheme Damaged status Not for loan Home library Current library Date acquired Source of acquisition Cost, normal purchase price Inventory number Barcode Date last seen Price effective from Koha item type
          IIMT University Central Library Meerut IIMT University Central Library Meerut 12/11/2024 CHAIRMEN SIR 100.00 NA 28-S-4004 12/11/2024 12/11/2024 Specimen
IIMT, Central Library. All Rights Reserved IIMT,UNIVERSITY © 2023
Implemented and Customised by I CLOUDE EMS
You Are OPAC Visitor No
free web counter

Powered by Koha